| 000 | 01187cam a2200217 4500 | ||
|---|---|---|---|
| 001 | J128979 | ||
| 008 | 050307n1950 000 0 eng u | ||
| 035 | _a(Sirsi) u128979 | ||
| 041 | _aeng | ||
| 050 |
_a720 _c18 |
||
| 245 |
_aSurvey of London volume 22 _bBankside (the parishes of St Saviour and Christchurch Southwark) |
||
| 260 |
_aLondon _bLondon County Council _c1950 |
||
| 300 |
_axx, 152p. _bill. _c30cm. |
||
| 490 |
_aSurvey of London Main Series _v22 |
||
| 520 | _aThis volume of the "Survey of London", English Heritage's detailed architectural and topographical study, describes buildings south of the Thames between Blackfriars Bridge and London Bridge (many which have been demolished or rebuilt), explaining how they came into being and outlining their significance and historical associations. This earlier volume is highly selective and includes few buildings erected after 1800. Includes photographs and maps together with plans, sections and elevations of selected buildings. | ||
| 590 | _aSOL | ||
| 690 | _aBUILT ENVIRONMENT-CONSTRUCTION DESIGN | ||
| 700 |
_aRoberts, Howard _cSir _xGeneral Editor |
||
| 700 |
_aGodfrey, Walter H. _xGeneral Editor |
||
| 942 | _n0 | ||
| 999 |
_c104065 _d104065 |
||